| 000 -CABECERA |
| Longitud fija campo de control |
00570nam a2200181 a 4500 |
| 001 - NÚMERO DE CONTROL |
| Número de control |
4363 |
| 003 - IDENTIFICADOR DEL NÚMERO DE CONTROL |
| Identificador del número de control |
CDMR |
| 005 - FECHA Y HORA DE LA ÚLTIMA TRANSACCIÓN |
| Fecha y hora de la última transacción |
20131014111901.0 |
| 008 - CÓDIGOS DE INFORMACIÓN DE LONGITUD FIJA |
| Códigos de información de longitud fija |
130130s1972||||||||||||||||||||||||||||d |
| 040 ## - FUENTE DE LA CATALOGACIÓN |
| Centro catalogador de origen |
CDMR |
| Lengua de catalogación |
cat |
| Centro transcriptor |
CDMR |
| 245 #3 - MENCIÓN DE TÍTULO |
| Título |
El censor (1781-1787) |
| Resto del título |
: [antología] |
| Mención de responsabilidad, etc. |
introducción de José F. Montesinos ; edición [...] de E. García-Pandavenes |
| 260 ## - PUBLICACIÓN, DISTRIBUCIÓN, ETC. (PIE DE IMPRENTA) |
| Lugar de publicación, distribución, etc. |
Barcelona |
| Fecha de publicación, distribución, etc. |
1972 |
| Nombre del editor, distribuidor, etc. |
Labor |
| 300 ## - DESCRIPCIÓN FÍSICA |
| Extensión |
324 p. |
| 490 0# - MENCIÓN DE SERIE |
| Mención de serie |
Textos Hispánicos Modernos |
| Designación de volumen o secuencia |
19 |
| 700 1# - PUNTO DE ACCESO ADICIONAL - NOMBRE DE PERSONA |
| 9 (RLIN) |
4041 |
| Nombre de persona |
Montesinos, José F. |
| Término indicativo de función |
pr. |
| 700 1# - PUNTO DE ACCESO ADICIONAL - NOMBRE DE PERSONA |
| 9 (RLIN) |
4042 |
| Nombre de persona |
García-Pandavenes, Elsa |
| Término indicativo de función |
ed. |
| 942 ## - ENTRADA DE ELEMENTOS AGREGADOS (KOHA) |
| Koha [por defecto] tipo de item |
Monografies |
| Fuente de clasificaión o esquema |
|